Statistics for Banjo-Kazooie Games

Click here to take the quiz!

General Stats

  • This quiz has been taken 53 times
  • The average score is 4 of 5

Answer Stats

ConsoleYearGame% Correct
Nintendo 641998Banjo-Kazooie
100%
Nintendo 642000Banjo-Tooie
96%
Xbox 3602008Banjo-Kazooie: Nuts & Bolts
83%
Game Boy Advance2003Banjo-Kazooie: Grunty's Revenge
56%
Game Boy Advance2005Banjo-Pilot
50%

Score Distribution

Percentile by Number Answered

Percent of People with Each Score

Your Score History

You have not taken this quiz